00742cam a2200205 a 450000100100000000500170001000800410002704000250006808200190009310000490011224500540016126000350021530000210025049000310027165000280030265000310033083000380036195201220039999900150052100000803520200929154414.0830330s1941 ag 000 f spa d aDO-SdBNPbspacBNPHU a863.6bP438ó1 aPérez de Ayala, Ramón,d1880-196291503113aEl ombligo del mundo /cRamón Pérez de Ayala. aBuenos Aires :bLosada,c1941. a176 p. ;c18 cm.1 aBiblioteca comtemporánea 4aNovela española91123 4aLiteratura española9632 0aBiblioteca comtemporánea921943 001054708MOaGRbGRcHDd2009-09-14iLF1l0o863.6 P438óp8035-10r2020-06-25w2020-06-25y4ZPréstamo en sala c7812d7812